| 000 | 01072nam a2200325Ia 4500 | ||
|---|---|---|---|
| 001 | Z_3323 | ||
| 003 | CHAP | ||
| 008 | 220113s1993 xx 000 0 und d | ||
| 010 | _a166432 | ||
| 020 | _a970-620-318-4 | ||
| 040 | _cCHAP | ||
| 082 | _a636.208520 M46 | ||
| 100 |
_aMendoza Martínez, Germán David _974686 |
||
| 245 |
_aAlimentación de ganado bovino con dietas altas en granos / _cGermán David Mendoza Martínez y Raúl Ricalde Velasco |
||
| 260 |
_aMéxico : _bUniversidad Autónoma Metropolitana, _c1993 |
||
| 300 | _a97 p. | ||
| 440 |
_aColección : Libros de texto _9140513 |
||
| 503 | _aej.1: fotocopia \ ej.2: fotocopia | ||
| 504 | _aBibliografía: p. 82 - 91, incluye índice de figuras y cuadros | ||
| 650 |
_aGanado vacuno _x _x Alimentación y alimentos _9137461 |
||
| 650 |
_aGanado vacuno _x _x Nutrición _9140514 |
||
| 700 |
_aRicalde Velasco, Raúl, couat. _9140515 |
||
| 710 | _aUniversidad Autónoma Metropolitana | ||
| 901 | _a636.208520 M46 | ||
| 902 | _aM | ||
| 910 | _a1993 | ||
| 942 | _c1 | ||
| 942 | _cc1 | ||
| 999 |
_c166432 _d166432 |
||